000 00877nam a2200241Ia 4500
001 10226
003 GE_BSU
008 181216s||||||||xx |||||||||||||| ||und||
020 _a9992884967
040 _cGE_BSU
080 _a821.353.1–1821.353.1-193.3
100 _aსეიდიშვილი,ლადო
245 _aერთტომეული:ლექსები,სონეტები,პოემები,პიესები,ესეები
245 _cრედ.ჯემალ სურმანიძე.მხატვ.ლადო სეიდიშვილი
260 _aთბილისი
260 _bაჭარა
260 _c2001
300 _a424გვ.ილ.20სმ.
541 _h9ლ.
653 _aერთტომეული
653 _aლექსები,სონეტები.....
942 _cBK
999 _c43495
_d43495